000 00668nam a2200241Ia 4500
003 OSt
005 20220918174654.0
006 a|||||r|||| 00| 0
007 ta
008 220917b |||||||| |||| 00| 0 eng d
024 _a13,494
037 _cTextual
040 _aARTS
_cARTS
_beng
041 _2eng
_aeng
082 _aNQ52, M5
100 _aGinzburg Carlo
245 0 _aEnigma of Piero
_b Piero della Francesca the baptism the Arezzo cycle the flagellation Carlo Ginzburg
260 _aLondon
_bVerso
_c1985
300 _aviii,164p
_ccm.
650 _aARTS
942 _hNQ52, M5
_cTEXL
_2CC
999 _c154180
_d154180